000 00563nam a2200181Ia 4500
008 090124s9999 xx 000 0 und d
082 _b129844
100 _aभिडे आ.दि.
245 _a निबंध भाग 1 म्हणींवरून
250 _a1
260 _c1999
300 _a64
600 _aभिडे आ.दि.
630 _a निबंध भाग 1 म्हणींवरून
700 _aभिडे आ.दि.
730 _a निबंध भाग 1 म्हणींवरून
942 _cBOOK
999 _c175933
_d175933